| Record ID | marc_loc_2016/BooksAll.2016.part30.utf8:231788487:1107 |
| Source | Library of Congress |
| Download Link | /show-records/marc_loc_2016/BooksAll.2016.part30.utf8:231788487:1107?format=raw |
LEADER: 01107cam a2200313 a 4500
001 2003282234
003 DLC
005 20050215071818.0
008 031125s2003 nyua 001 0 eng
010 $a 2003282234
015 $aGBA2-U4941
016 7 $a0072227400$2Uk
020 $a0072227400 (pbk.)
035 $a(CStRLIN)UKBPGBA2U4941-B
040 $aStDuBDS$cStDuBDS$dUk$dDLC
042 $alccopycat
050 00 $aTR267$b.W486 2003
082 04 $a778.3$221
100 1 $aWhite, Ron,$d1944-
245 10 $aClick! :$bthe no-nonsense guide to digital cameras /$cRon White.
246 30 $aDigital cameras
260 $aNew York ;$aLondon :$bMcGraw-Hill/Osborne,$cc2003.
300 $axiv, 210 p. :$bill. ;$c23 cm.
500 $aIncludes index.
650 0 $aPhotography$xDigital techniques.
650 0 $aDigital cameras.
856 42 $3Contributor biographical information$uhttp://www.loc.gov/catdir/bios/mh042/2003282234.html
856 41 $3Table of contents$uhttp://www.loc.gov/catdir/toc/mh041/2003282234.html
856 42 $3Publisher description$uhttp://www.loc.gov/catdir/description/mh041/2003282234.html